<?xml version="1.0" encoding="UTF-8"?>
<collection xmlns="http://www.loc.gov/MARC21/slim">
 <record>
  <leader>00364pamaa2200133   4500</leader>
  <controlfield tag="001">0000011991</controlfield>
  <controlfield tag="005">20090520090000.0</controlfield>
  <datafield tag="020" ind1="0" ind2="0">
   <subfield code="a">187186951X </subfield>
  </datafield>
  <datafield tag="090" ind1="0" ind2="0">
   <subfield code="a">QD4 </subfield>
   <subfield code="b">MOR 1995</subfield>
  </datafield>
  <datafield tag="100" ind1="1" ind2="0">
   <subfield code="a">MORGAN </subfield>
  </datafield>
  <datafield tag="245" ind1="1" ind2="4">
   <subfield code="a">The Encyclopedia of chemistry  </subfield>
   <subfield code="c">Nina Morgan.</subfield>
  </datafield>
  <datafield tag="260" ind1="0" ind2="0">
   <subfield code="a">Oxford: </subfield>
   <subfield code="b">Andromeda Oxford, </subfield>
   <subfield code="c">1995.</subfield>
  </datafield>
  <datafield tag="300" ind1=" " ind2=" ">
   <subfield code="a">160p.: </subfield>
   <subfield code="b">col.ill.; </subfield>
   <subfield code="c">30cm.</subfield>
  </datafield>
  <datafield tag="650" ind1="0" ind2="0">
   <subfield code="a">Chemistry -- </subfield>
   <subfield code="x">Encyclopedias </subfield>
  </datafield>
 </record>
</collection>
